Demografické perspektivy České republiky. Z národní zprávy pro evropskou populační konferenci.
Vládna politika a trend rastu populácie a vekovej štruktúry. Poznatky a politika týkajúca sa medzinárodných migrácií. Postoje a politika v otázke fertility a rodiny, ako aj mortality a zdravia. Potratovosť v ČR v r. 1970-1991. Medzinárodná spolupráca v oblasti populácie.
Salvato in:
| Natura: | Capitolo di libro |
|---|---|
| Lingua: | ceco |
| Soggetti: | |
| Tags: |
Nessun Tag, puoi essere il primo ad aggiungerne!!
|
MARC
| LEADER | 00000naa a2200000 4500 | ||
|---|---|---|---|
| 001 | r013232 | ||
| 005 | 20221205080423.5 | ||
| 041 | 0 | |a cze | |
| 044 | |a CZ | ||
| 245 | 1 | 0 | |a Demografické perspektivy České republiky. |b Z národní zprávy pro evropskou populační konferenci. |
| 520 | |a Vládna politika a trend rastu populácie a vekovej štruktúry. Poznatky a politika týkajúca sa medzinárodných migrácií. Postoje a politika v otázke fertility a rodiny, ako aj mortality a zdravia. Potratovosť v ČR v r. 1970-1991. Medzinárodná spolupráca v oblasti populácie. | ||
| 610 | 2 | 0 | |a demografia |
| 610 | 2 | 0 | |a Čechy |
| 610 | 2 | 0 | |a populácia |
| 610 | 2 | 0 | |a migrácia |